Libertad y seguridad en un contexto global Retos y desafo̕s para los sistemas de garanta̕ de los Derechos fundamentales /

Detalles Bibliográficos
Autor principal: Godoy, Olaya
Formato: eBook
Lenguaje:español
Publicado: Madrid: Dykinson, 2020
Materias:
Acceso en línea:Acceso restringido

MARC

LEADER 00000nam a22000007a 4500
005 20201117224946.0
007 cr|||| ||||
008 201117s2020 es |||||s|||| 00||0 spa d
020 |a 978-84-1324-823-3 
035 |a 32153 
040 |a vLex 
090 |c 10887  |d 10887 
100 1 |a Godoy, Olaya 
245 1 0 |a Libertad y seguridad en un contexto global  |h [Recurso electrn̤ico] :  |b Retos y desafo̕s para los sistemas de garanta̕ de los Derechos fundamentales /  |c Olaya Godoy 
256 |a Servicio en ln̕ea 
260 |a Madrid:  |b Dykinson,  |c 2020 
300 |a 1 recurso electrn̤ico 
506 1 |a Disponible solo en los productos indicados  |d vLex Global  |d vLex Global (Academic Edition, excluding Law Schools)  |d vLex Global (U.S. Academic Edition, Law Schools)  |d vLex Global (U.S. Academic Edition, excluding Law Schools)  |d vLex Global (Academic Edition, Law Schools) 
650 0 4 |a Derecho Constitucional  |z Espaą 
740 0 |a vLex Libros (Servicio en ln̕ea) 
856 4 0 |u http://vlex.com/source/libertad-seguridad-contexto-global-retos-desafios-sistemas-garantia-derechos-fundamentales-32153  |z Acceso restringido 
942 |c BOOK 
999 0 |a Constitutional right